00555nam a22001817a 450000500170000000800410001704000070005804100120006508200180007710000370009524500560013226000530018830000260024144000330026765000190030065000180031970000360033720220716115626.0220716b ||||| |||| 00| 0 eng d cAL aEnglish 223a052bINDI aIndian Council Of World Affairs aIndia Quarterly: A Journal of International Affairs aNew DelhibIndian Council Of World Affairsc2005 a229 p.bPBc24x16 cm. aVol LXI No 2 April-June 2005 aWorld Politics aWorld Economy aINDIAN COUNCIL OF WORLD AFFAIRS